00722cam a22002051 4500001001300000003000400013005001700017008004100034010001700075035001800092040006000110042001200170050001600182100003100198245008700229260004800316300003100364490007400395830004700469gs 17000020 DLC20260227111320.0740108s1916 onc f000 0 eng c ags 17000020  a(OCoLC)771522 aLibrary, U.S. Geological SurveycNhDdOCoLCdNSbSUdDLC apremarc00aE59.C5bS241 aSapir, Edward,d1884-1939.10aTime perspective in aboriginal American culture,ba study in method,cby E. Sapir. aOttawa,bGovernment Printing Bureau,c1916. a1 p. l., ii, 87 p.c25 cm.1 aCanada. Geological Survey. Memoir 90. Anthropological series,vno. 13 0aMemoir (Geological Survey of Canada) ;v90